Online
Catalog

De Cristóbal Colón a Fidel Castro : (Record no. 38566)

MARC details
000 -CABECERA
campo de control de longitud fija 02314nam a2200325 i 4500
001 - NÚMERO DE CONTROL
campo de control 000039076
003 - IDENTIFICADOR DEL NÚMERO DE CONTROL
campo de control DO-SdBNP
005 - FECHA Y HORA DE LA ÚLTIMA TRANSACCIÓN
campo de control 20260321073643.0
007 - CAMPO FIJO DE DESCRIPCIÓN FÍSICA--INFORMACIÓN GENERAL
campo de control de longitud fija ta
008 - DATOS DE LONGITUD FIJA--INFORMACIÓN GENERAL
campo de control de longitud fija 081126s2012 dr 001 0 spa d
020 ## - NÚMERO INTERNACIONAL ESTÁNDAR DEL LIBRO
Número Internacional Estándar del Libro 9789945883572
040 ## - FUENTE DE LA CATALOGACIÓN
Centro catalogador/agencia de origen DO-SdBNP
Lengua de catalogación spa
Centro/agencia transcriptor BNPHU
Normas de descripción rda
041 ## - CÓDIGO DE LENGUA
Código de lengua del texto/banda sonora o título independiente spa
082 #4 - NÚMERO DE LA CLASIFICACIÓN DECIMAL DEWEY
Número de clasificación 972.9
Número de documento/Ítem B742d 2012
Número de edición 22
100 1# - ENTRADA PRINCIPAL--NOMBRE DE PERSONA
Nombre de persona Bosch, Juan,
Fechas asociadas al nombre 1909-2001
Término indicativo de función/relación autor
Código de función/relación aut.
9 (RLIN) 76555
245 10 - MENCIÓN DE TÍTULO
Título De Cristóbal Colón a Fidel Castro :
Resto del título el Caribe frontera imperial /
Mención de responsabilidad, etc. Juan Bosch.
264 #4 - PRODUCCIÓN, PUBLICACIÓN, DISTRIBUCIÓN, FABRICACIÓN Y COPYRIGHT
Producción, publicación, distribución, fabricación y copyright Santo Domingo :
Nombre del de productor, editor, distribuidor, fabricante Fundación Juan Bosch,
Fecha de producción, publicación, distribución, fabricación o copyright ©2012.
300 ## - DESCRIPCIÓN FÍSICA
Extensión 924 páginas ;
Dimensiones 24 cm.
336 ## - TIPO DE CONTENIDO
Término de tipo de contenido texto
Código de tipo de contenido txt
Fuente rdacontent
337 ## - TIPO DE MEDIO
Nombre/término del tipo de medio sin mediación
Código del tipo de medio n
Fuente rdamedia
338 ## - TIPO DE SOPORTE
Nombre/término del tipo de soporte volumen
Código del tipo de soporte nc
Fuente rdacarrier
490 0# - MENCIÓN DE SERIE
Mención de serie Colección Bosch para todos
500 ## - NOTA GENERAL
Nota general Incluye índice onomástico y geográfico.
504 ## - NOTA DE BIBLIOGRAFÍA, ETC.
Nota de bibliografía, etc. Bibliografía: p. 875-880
505 0# - NOTA DE CONTENIDO CON FORMATO
Título Unas palabras del autor --
-- Una frontera de cinco siglos --
-- El escenario de la frontera --
-- Indios y españoles en los primeros años de la frontera imperial --
-- La conquista del Caribe entre 1508 y 1526 --
-- La conquista entre 1526-1584 --
-- Sublevaciones de indios, africanos y españoles en el siglo XVI --
-- Las guerras de España en el siglo XVI --
-- Contrabandistas, bucaneros y filibusteros --
-- El siglo de la desmembración --
-- El tiempo del espanto --
-- Intermedio europeo --
-- El Caribe hasta la Paz de Utrecht --
-- Las guerras en el Caribe hasta la Paz de París (1763) --
-- La revolución Norteamericana y sus resultados en el Caribe --
-- La revolución francesa y su proyección en el Caribe --
-- El tiempo de la libertad --
-- Nacimiento de la República de Haití --
-- En los umbrales de la gran conmoción --
-- La guerra social venezolana --
-- La independencia de los territorios españoles --
-- 1821-1851. Los años de reajuste --
-- Los años de los episodios increíbles (1855-1861) --
-- Las luchas por la independencia de Cuba (1868-1898) --
-- El siglo del imperio norteamericano --
-- Los años de las balas y de los dólares --
-- Fidel Castro o la nueva etapa histórica del Caribe--
-- Bibliografía --
-- Reseña biográfica de Juan Bosch
-- Índice onomástico y geográfico --
590 ## - NOTA LOCAL (RLIN)
Nota local Inventariado, 2025/ YL
651 #4 - PUNTO DE ACCESO ADICIONAL DE MATERIA--NOMBRE GEOGRÁFICO
Nombre geográfico Caribe (Región)
Subdivisión general Historia
9 (RLIN) 87401
910 ## - DATOS DE OPCIÓN DEL USUARIO (OCLC)
Datos de opción del usuario Validado. Control de calidad BNPHU
942 ## - ELEMENTOS DE PUNTO DE ACCESO ADICIONAL (KOHA)
Fuente del sistema de clasificación o colocación Dewey Decimal Classification
Tipo de ítem Koha Libro
Holdings
Estado de retiro Estado de pérdida Fuente del sistema de clasificación o colocación Restricciones de uso No para préstamo Código de colección Localización permanente Ubicación/localización actual Ubicación en estantería Fecha de adquisición Fuente de adquisición Total de préstamos Signatura topográfica completa Código de barras Fecha visto por última vez Tipo de ítem Koha Número de copia Precio válido a partir de Nota pública
    Dewey Decimal Classification Excluido de préstamo   Patrimonio Dominicano Biblioteca Nacional Pedro Henríquez Ureña Biblioteca Nacional Pedro Henríquez Ureña Depósito 06.09.2012 Compra   BNPHU PD 972.9 B742d, 2012 39076-10 25.06.2020 Libro      
    Dewey Decimal Classification Excluido de préstamo   Patrimonio Dominicano Biblioteca Nacional Pedro Henríquez Ureña Biblioteca Nacional Pedro Henríquez Ureña Depósito 01.12.2023 Donado por la Presidencia de la República Dominicana 2023   BNPHU PD 972.9 B742d 2012 2025-1118 21.02.2025 Libro e. 2 21.02.2025 Perteneció a la biblioteca personal de René Rodríguez Soriano

Powered by Koha